Statistics for Total Carbon Dioxide Emissions by Country

Click here to take the quiz!

General Stats

  • This quiz has been taken 533 times
  • The average score is 21 of 24

Answer Stats

CO2 EmissionsPeak DecadeCountry% Correct
164.50 BT2010'sChina
100%
370.82 BT2000'sUnited States
100%
73.56 BT1970'sGermany
99%
39.52 BT2010'sIndia
99%
74.75 BT1970'sUnited Kingdom
99%
35.25 BT1970'sFrance
98%
12.35 BT2010'sBrazil
97%
36.70 BT2010'sRussia
97%
21.80 BT2000'sItaly
96%
56.28 BT2000'sJapan
96%
16.63 BT2010'sMexico
96%
12.71 BT2000'sSpain
96%
28.70 BT2000'sCanada
95%
10.45 BT2010'sIndonesia
93%
15.19 BT2010'sAustralia
92%
13.44 BT2010'sSouth Korea
90%
14.34 BT2010'sIran
88%
11.41 BT2010'sSaudi Arabia
87%
25.24 BT1980'sPoland
86%
17.98 BT2010'sSouth Africa
78%
10.58 BT2010'sNetherlands
71%
11.57 BT1970'sBelgium
60%
112.91 BT1980'sSoviet Union
58%
11.25 BT1980'sCzechoslovakia
28%

Score Distribution

Percentile by Number Answered

Percent of People with Each Score

Your Score History

You have not taken this quiz